| 000 | 02700nam a22004217a 4500 | ||
|---|---|---|---|
| 003 | OSt | ||
| 005 | 20260416151835.0 | ||
| 008 | 260413t2024 xxu||||| |||| 00| 0 eng d | ||
| 020 | _a978903136962971 | ||
| 020 | _a9783031369629 | ||
| 040 |
_aUnicoc _bspa _c00001 _d00001 |
||
| 082 | _a617.52 | ||
| 100 |
_912906 _aKeyhan, Seied Omid |
||
| 245 |
_aHandbook of oral and maxillofacial surgery and implantology _c/ Seied Omid Keyhan, Parisa Yousefi, Mahtab Hosseini, Shaqayeq Ramezanzade, Alireza Parhiz |
||
| 250 | _a1 Ed. | ||
| 260 |
_aSuiza : _bSpringer , _c2024 |
||
| 300 |
_a3054 páginas _bIlustraciones, tablas, gráficas |
||
| 500 | _aIncluye referencias bibliográficas | ||
| 505 |
_t3D Printed Customized Subperiosteal Implants. -- _tAdipose Derived Stem Cell Chin Augmentation. -- _tAdvanced Techniques in Facial Scar Management. -- _tAdvancements in Blood-Derived Regenerative Therapies for Facial Rejuvenation. -- _tAdvances in Imaging Techniques for Maxillofacial Diagnostics. -- _tAesthetic Considerations in Transgender Patients. -- _tAI Applications in Chin-Related Surgeries: Toward More Accurate and Predictable Results. -- _tAlloplastic Facial Implants. -- _tAlveolar Ridge Preservation. -- _tAlveoloplasty. -- _tAnatomical Insights into Facial Arterial and Venous Systems for Safe Aesthetic Procedures. -- _tAnesthesiology in Oral and Maxillofacial Surgery (OMFS): Introduction and Development. -- _tApplication of 3D Technology for Orthognathic Surgery. -- _tArthroscopic Approaches of TMJ Associate. -- _tArtificial Intelligence. -- _tAugmentation Rhinoplasty. -- _tAviation Medicine and Maxillofacial Considerations. -- _tBase of Tongue Surgery. -- _tBasic Approaches: Open and Close. -- _tBeyond the Scalpel. -- _tBioelectrical Stimulation in Dental Implantology... |
||
| 526 | _5Unicoc | ||
| 546 | _aEspañol | ||
| 650 | 0 |
_94197 _aCirugía maxilofacial |
|
| 650 | 0 |
_911097 _aOdontología digital |
|
| 650 | 0 |
_985 _aCirugía oral |
|
| 650 | 0 |
_986 _aCirugía bucal |
|
| 650 | 0 |
_9155 _aImplantología |
|
| 650 | 0 |
_9995 _aMedicina oral. |
|
| 650 | 0 |
_912592 _aBiomateriales para el reemplazo óseo |
|
| 658 | 0 |
_98074 _aEspecialización en Rehabilitación Oral |
|
| 658 | 0 |
_98071 _aEspecialización en Endodoncia |
|
| 658 | 0 |
_911722 _aEspecialización en Ortodoncia y Ortopedia Maxilar |
|
| 700 |
_912907 _aParisa Yousefi |
||
| 700 |
_912908 _aHosseini, Mahtab |
||
| 700 |
_912909 _aRamezanzade, Shaqayeq |
||
| 700 |
_912910 _aParhiz. Alireza |
||
| 856 |
_yAcceso online exclusivo para comunidad Unicoc _uhttps://unicoceduco-my.sharepoint.com/:b:/g/personal/direccionbiblioteca_unicoc_edu_co/IQBoptr_jpPTTJFOga8e7xv1ASVBAebfiCzKVBe9Msto5hY |
||
| 942 |
_2ddc _cEBOOK |
||
| 999 |
_c10834 _d10834 |
||